000 02507nam a2200277 a 4500
001 991003302609707486
003 OSt
005 20240925164214.0
008 170712s2017 ck gr 00010 spa d
020 _a9789587497922
040 _aCO-JMCR
_bspa
_cCO-JMCR
082 0 4 _a341.52
_bP71
_223
245 0 3 _aLa práctica del litigio arbitral /
_cdirectores académicos Hernando Herrera Mercado, Fabricio Mantilla Espinosa
260 _aBogotá :
_bGrupo Editorial Ibáñez :
_bCámara de Comercio de Bogotá. Centro de Arbitraje y Conciliación,
_c2017.
300 _a2 volúmenes ;
_c24 cm.
490 0 _aArbitraje 360°
504 _aIncluye bibliografías.
505 0 0 _av.2. Tomo II: Estructura del proceso y estrategia del litigio.
520 3 _aEn contra de una creencia todavía bastante extendida, las reglas y prácticas que rigen el litigio arbitral difieren considerablemente de las que se aplican en el ámbito judicial. Posiblemente una de las causas de ciertas confusiones sea el uso de los mismos nombres para designar toda una serie de cuestiones que son en realidad bastante o muy diferentes. Así, competencia, audiencia, prueba o cosa juzgada son expresiones que pueden hacer creer que su comprensión y, en consecuencia, el modo de reglamentarlas e implementarlas es unívoca, más allá del tipo de litigio referido. Las contribuciones reunidas en este tomo sirven, entre otras cosas, para disipar este malentendido. No debería ser un secreto que las diferencias apuntadas son consecuencia de otra, de carácter fundamental, que distingue la función jurisdiccional según que ella sea ejercida por jueces públicos o por jueces privados, estos últimos más conocidos como “árbitros”. La fuente del poder de unos y otros, la forma de ejercerlo, sus alcances y sus límites son claramente distintos, lo que se ve especialmente cuando un mismo caso es tratado por ambos. De allí que resulte lógico, por ejemplo, que mientras el proceso judicial es particularmente en la mayoría de los países tributarios del sistema de derecho romano germánico el reino del rigor formalista, en el arbitraje la flexibilidad y la autonomía de la voluntad constituyente las características esenciales.
650 1 4 _aArbitramento
_zColombia
_943855
650 2 4 _aLaudo arbitral
_zColombia
_943856
650 2 4 _aArbitros (Derecho)
_943857
700 1 _aHerrera Mercado, Hernando,
_edirector.
_943858
700 1 _aMantilla Espinosa, Fabricio,
_edirector.
_943859
942 _2ddc
_cBK
999 _c30834
_d17218